The structure and properties of matter

Gardado en:
Detalles Bibliográficos
Autor Principal: Briscoe, Herman T (Author)
Formato: Libro
Idioma:inglés
Publicado: Nueva York McGraw-Hill 1935
Series:International Chemical Series
Subjects:
Tags: Engadir etiqueta
Sen Etiquetas, Sexa o primeiro en etiquetar este rexistro!

MARC

LEADER 00000nam a2200000 a 4500
001 UCT1930
003 CL-VaPUC
008 961004e19350000US |||||||||||||||||eng|d
082 0 4 |a 539.1  |b BRI  |2 21 
100 0 |a Briscoe, Herman T  |e author  |9 370973 
245 1 4 |a The structure and properties of matter 
300 |a 420 p 
942 |c BK 
945 |d 19961004 00:00:00  |a cmena 
260 |a Nueva York  |b McGraw-Hill  |c 1935 
650 0 |a Propiedades químicas   |9 345805 
650 0 |a Átomos  |9 259583 
650 7 |a PROPIEDADES NUCLEARES  |2 CL-VaPUC  |9 370974 
650 0 |a Química física  |9 260596 
650 0 |a Química analítica  |9 259648 
650 7 |a RADIACTIVIDAD  |2 CL-VaPUC  |9 354956 
650 0 |a Teoría cuántica  |9 266148 
583 |a last modification  |c 19961004 00:00:00  |k Rodrigo Vera 
490 0 |a International Chemical Series 
999 |c 252263  |d 252261